percy jackson - Statistics

General Stats
  • This quiz has been taken 77 times
  • The average score is 9 of 12
Answer Stats
Hint Answer % Correct
main character percy jackson
100%
anaklusmos riptide
91%
main character friend grover
82%
gods of the sea poseidon
82%
king of the gods zeus
82%
camp name camp half blood
80%
trainer chiron
80%
god at camp dionysus
80%
main enemy kronos
79%
mother of main character sally
79%
hunters artemis
76%
main characters girlfriend anabeth
38%
No matching quizzes found
Score Distribution
Percent of People with Each Score
Percentile by Number Answered
Your Score History
You have not taken this quiz